000 00389nam a2200145Ia 4500
008 230917s9999||||xx |||||||||||||| ||und||
040 _e70496
_aMAIN
041 _aEnglish
082 _a338.13 J199P
100 _aJain, S C
245 0 _aPrice behaviour and resource allocation in Indian agriculture
260 _aNew Delhi
_bAllied Publishers
_c1968
300 _av, 158 p.
942 _cBK
999 _c79979
_d79979